| 000 | 00775nam a2200253Ia 4500 | ||
|---|---|---|---|
| 003 | OSt | ||
| 005 | 20220927105402.0 | ||
| 006 | a|||||r|||| 00| 0 | ||
| 007 | ta | ||
| 008 | 220926b |||||||| |||| 00| 0 eng d | ||
| 020 | _a9789004190436 | ||
| 024 | _a190915 | ||
| 037 | _cReference Collections | ||
| 040 |
_aRTL _cRTL _beng |
||
| 041 |
_2eng _aeng |
||
| 082 | _a"Sigma, Q1/RR" | ||
| 100 |
_aSCIULLI David _9372115 |
||
| 245 | 0 |
_aEtzioni's critical functionalism _b Communitarian origins and principles |
|
| 260 |
_aBoston _bBrill _c2011 |
||
| 300 |
_a"xxv, 504p" _ccm. |
||
| 490 | _aInternational Studies in Sociology and Social Anthropology; Vol.117 | ||
| 942 |
_h"Sigma, Q1/RR" _cCC |
||
| 999 |
_c692239 _d692239 |
||